| 000 | 02225cam a22002894a 4500 | ||
|---|---|---|---|
| 999 |
_c126812 _d126812 |
||
| 001 | 13443483 | ||
| 003 | ARRUPE | ||
| 005 | 20170829110905.0 | ||
| 008 | 031223s2004 ilua b 001 0 eng | ||
| 010 | _a 2003027944 | ||
| 020 | _a0830827773 (alk. paper) | ||
| 040 |
_aDLC _cDLC _dDLC |
||
| 042 | _apcc | ||
| 050 | 0 | 0 |
_aBV5053 _b.S68 2004 |
| 082 | 0 | 0 |
_a253.5/3 _222 |
| 245 | 0 | 0 |
_aSpiritual direction and the care of souls : _ba guide to Christian approaches and practices / _cedited by Gary W. Moon and David G. Benner. |
| 260 |
_aDowners Grove, Ill. : _bEagle Publishing _cc2004. |
||
| 300 |
_a304 p. : _c23 cm. |
||
| 504 | _aIncludes bibliographical references and index. | ||
| 505 | 0 | _aSpiritual direction and Christian soul care / Gary W. Moon and David G. Benner -- Spiritual direction in the Orthodox Christian tradition / F. Gregory Rogers -- Spiritual direction in the Roman Catholic tradition / Gene Barrette -- Spiritual direction in the Episcopal tradition / Gray Temple -- Spiritual direction in the Reformed tradition / Ben Johnson -- Spiritual direction in the Wesleyan-Holiness tradition / Wesley D. Tracy -- Spiritual direction in the social justice tradition / Jerry A. Gladson -- Spiritual direction in the Pentecostal/charismatic tradition / Oliver McMahan -- Spiritual direction and psychotherapy : conceptual issues / Len Sperry -- Spiritual direction and psychotherapy : ethical issues / Siang-Yang Tan -- Spiritual direction and pastoral counseling / Israel Galindo -- Three voices, one song : perspectives on the care of persons from a psychologist, spiritual director, and pastoral counselor / Theresa Clement Tisdale, Carrie E. Doehring, and Veneta Lorraine-Poirier. | |
| 650 | 0 |
_aSpiritual direction. _935333 |
|
| 700 | 1 |
_aMoon, Gary W., _d1956- _935334 |
|
| 700 | 1 |
_aBenner, David G. _935335 |
|
| 856 | 4 | 1 |
_3Table of contents _uhttp://www.loc.gov/catdir/toc/ecip0412/2003027944.html |
| 906 |
_a7 _bcbc _corignew _d1 _eecip _f20 _gy-gencatlg |
||
| 942 |
_2lcc _cMONOGRAPH |
||